Liedtext- Hauch mich mal an- Lumpenpack - Statistiken

Allgemein
  • Dieses Quiz wurde 33 mal gespielt
  • Das Durchschnittsergebnis liegt bei 332 aus 424
Antwortstatistiken
Textquiz % Korrekt
an
100%
da
100%
Da
100%
Das
100%
das
100%
dein
96%
den
96%
Der
96%
der
96%
die
96%
Die
96%
doch
96%
Doch
96%
er
96%
Er
96%
Ernst
96%
ernst
96%
Hauch
96%
kann
96%
kein
96%
keiner
96%
mal
96%
mein
96%
meine
96%
Meine
96%
meinen
96%
mich
96%
nicht
96%
sein
96%
du
92%
Du
92%
ein
92%
eine
92%
es
92%
hier
92%
Ich
92%
ich
92%
im
92%
Nach
92%
nach
92%
ne
92%
und
92%
Und
92%
von
92%
vor
92%
bis
88%
in
88%
In
88%
Nacht
88%
sag
88%
Schnaps
88%
sie
88%
Sie
88%
stinkst
88%
Tür
88%
Chéri
83%
Dass
83%
dass
83%
einen
83%
für
83%
genascht
83%
gut
83%
Gut
83%
Likör
83%
Mama
83%
mir
83%
Mir
83%
Mon
83%
noch
83%
riech
83%
wie
83%
Deutschland
79%
Fahne
79%
glaub
79%
Gras
79%
Gute
79%
her
79%
hierher
79%
ist
79%
kommt
79%
nie
79%
steht
79%
war
79%
Wo
79%
Haschisch
75%
hin
75%
immer
75%
sagte
75%
schon
75%
sich
75%
So
75%
so
75%
vom
75%
zu
75%
auf
71%
hast
71%
hatte
71%
hättest
71%
ihn
71%
lass
71%
Man
71%
man
71%
muss
71%
Pause
71%
sage
71%
Schlüssel
71%
spät
71%
Tee
71%
überrascht
71%
vorn
71%
wäre
71%
weiß
71%
wenn
71%
Xavier
71%
bist
67%
dicht
67%
Firma
67%
gehe
67%
ihr
67%
kommst
67%
Merkel
67%
Naidoo
67%
Nüchternheit
67%
oben
67%
uns
67%
Wind
67%
wirklich
67%
zeterst
67%
Entschluss
63%
erlauben
63%
Flucht
63%
gerade
63%
gestritten
63%
heute
63%
kam
63%
Mensch
63%
merkt
63%
Mini
63%
Nachts
63%
nur
63%
Ohr
63%
sagen
63%
Schloss
63%
sehr
63%
stand
63%
stellte
63%
tut
63%
um
63%
wach
63%
Was
63%
was
63%
Worte
63%
zum
63%
anderer
58%
bleibt
58%
darin
58%
drei
58%
Fortschritt
58%
fragt
58%
Gesicht
58%
glauben
58%
halb
58%
impfen
58%
ins
58%
länger
58%
lauschte
58%
Licht
58%
macht
58%
Minuten
58%
Steuerzahler
58%
Tabu
58%
vorne
58%
wartete
58%
Augen
54%
Ausweg
54%
Blätter
54%
deine
54%
deshalb
54%
dreht
54%
lässt
54%
Lippen
54%
ohne
54%
seine
54%
Superfähigkeit
54%
trägt
54%
Verborgenen
54%
Welt
54%
wohl
54%
zehn
54%
Zorn
54%
anzuziehen
50%
dieser
50%
Finger
50%
gepackt
50%
greift
50%
ihren
50%
ja
50%
Lunte
50%
nichts
50%
öffnet
50%
Passanten
50%
riecht
50%
Situation
50%
stottern
50%
treibt
50%
vorgebracht
50%
artikuliert
46%
brennt
46%
denkst
46%
Erdgeschoss
46%
Predigt
46%
saß
46%
schlägt
46%
anderen
42%
ans
42%
blitzt
42%
gleich
42%
Hausflur
42%
Heulkrampf
42%
legte
42%
Regen
42%
Sachen
42%
Trotzdem
42%
Vorbeieilenden
42%
zwischen
42%
all
38%
Dann
38%
Fenster
38%
zuziehst
38%
Bevor
33%
kurz
33%
Schatten
29%
wundere
29%
aufgelöst
25%
Keine übereinstimmenden Quizze gefunden
Verteilung der Resultate
Anzahl Personen mit jedem Resultat
Perzentil nach korrekt beantworteten Fragen
Ihre Resultats-Entwicklung
Sie haben dieses Quiz noch nicht gespielt